| 000 | 00682nam a2200253Ia 4500 | ||
|---|---|---|---|
| 003 | OSt | ||
| 005 | 20221006144954.0 | ||
| 006 | a|||||r|||| 00| 0 | ||
| 007 | ta | ||
| 008 | 221006b |||||||| |||| 00| 0 eng d | ||
| 020 |
_a0030025524 _c _39.50 |
||
| 024 | _a13,367 | ||
| 037 | _cTextual | ||
| 040 |
_aEASL _cEASL _beng |
||
| 041 |
_2eng _aeng |
||
| 082 | _aV428:1958.N81, M5 | ||
| 100 |
_aREES David _997703 |
||
| 245 | 0 | _aSoviet seizure of the kuriles | |
| 260 |
_aNew York _bPraeger _c1985 |
||
| 300 |
_a182p. _ccm. |
||
| 490 |
_v JEL _aPraeger Special studies |
||
| 942 |
_hV428:1958.N81, M5 _cTEXL _2CC |
||
| 999 |
_c1081453 _d1081453 |
||